[Event "Titled Tuesday intern op 06th Aug Early"]
[Site "Chess.com INT"]
[Date "2024.08.06"]
[Round "2"]
[White "Jimenez Fernandez, Rebeca"]
[Black "Ghevondyan, Arman"]
[Result "0-1"]
[WhiteElo "2090"]
[BlackElo "2216"]
[PlyCount "88"]
[EventDate "2024.08.06"]
[EventType "swiss (blitz)"]
[EventRounds "11"]
[EventCountry "USA"]
[SourceTitle "EXT 2025"]
[Source "ChessBase"]
[SourceDate "2024.10.14"]
[SourceVersion "1"]
[SourceVersionDate "2024.10.14"]
[SourceQuality "1"]

1. e4 c5 2. Nc3 Nc6 3. g3 g6 4. Bg2 Bg7 5. d3 Nh6 6. Be3 d6 7. h3 f5 8. Qd2 Nf7 9. Nge2 0-0 10. 0-0 Nd4 11. f4 Rb8 12. Nd1 b5 13. c3 Nxe2+ 14. Qxe2 b4 15. g4 bxc3 16. bxc3 e6 17. e5 dxe5 18. Bxc5 Re8 19. fxe5 Ba6 20. Nf2 Nxe5 21. Bd4 Nxd3 22. Nxd3 Bxd4+ 23. cxd4 Qxd4+ 24. Qf2 Qxd3 25. Rfd1 Qb5 26. Qxa7 Rbd8 27. Rxd8 Rxd8 28. Qe7 Qd7 29. Qxd7 Rxd7 30. Re1 Kf7 31. gxf5 gxf5 32. a4 Rc7 33. Rb1 Rc4 34. Ra1 Rb4 35. Bc6 e5 36. Rd1 f4 37. Rd7+ Ke6 38. Rxh7 Bd3 39. Ra7 Rb2 40. a5 e4 41. Bd7+ Ke5 42. a6 f3 43. Bg4 Kf4 44. Rf7+ Kg3 0-1